000 01148nam a22002177a 4500
005 20221222162343.0
008 221222b ||||| |||| 00| 0 eng d
020 _a8174761675
040 _cAL
041 _aEnglish
082 _223
_a954.04
_bPALW
100 _a Nani A. Palkhivala
_967665
245 _aWe the People: India the Largest Democracy
260 _aNew Delhi
_bUBS Publishers Distributors Ltd
_c1997
300 _axviii,368 p.
_bPB
_c21.5x13.7 cm.
520 _aNani A. Palkhivala's name is a byword in India's legal world. A man of many and varied parts, he has crossed with ease the law's narrow confines and has gone beyond into numerous other fields. Palkhivala discusses many subjects - education and democracy; economic growth and social justice; socialism and taxation; crucial constitutional issues and memorable judgements; personalities and the law; nuclear proliferation and apartheid; and his experiences as the Ambassador of India to the U.S.A.
650 _aConstitutional law--India
_967666
650 _aIndia--Politics and government--1947
_967667
700 _aPALKHIVALA (Nani A)
_967668
942 _2ddc
_cDB
999 _c226071
_d226071